00594nam a2200181 i 4500001000700000003000900007005001700016007000300033008004100036100001700077245007100094260004900165300002700214490006700241650001600308830006700324852002100391187986ES-MaACL20230906223056.0t|180406s1928 xxk ||||1| eng d0 aHardy, G. H.10aIntegration on functions of a single variable / cby G. H. Hardy. aLondon : bCambridge University Press, 1928. aVIII, 67 p. ; c22 cm.1 aCambridge tracts in mathematics and mathematical physics ; v204aIntegrales.0 aCambridge tracts in mathematics and mathematical physics ; v2 aES-MaACLjC-8148